Les médicaments - Statistiques

Statistiques générales
  • Ce quiz a été pris 318 fois
    282 depuis la dernière actualisation
  • Le résultat moyen est 17 sur 82
Statistiques - réponses
Réponses % Correct
Paracetamol
81%
Morphine
68%
Amoxicilline
66%
Furosémide
64%
Bisoprolol
62%
Tramadol
62%
Codéine
57%
Oméprazole
50%
Pantoprazole
48%
Esomeprazole
47%
Fentanyl
45%
Amlodipine
43%
Ramipril
43%
Nefopam
38%
Propranolol
37%
Hydrochlorothiazide
35%
Valsartan
34%
Opium
33%
Candesartan
32%
Irbésartan
32%
Perindopril
32%
Spironolactone
32%
Lansoprazole
30%
Oxycodone
29%
Aténolol
27%
Carvédilol
27%
Enalapril
26%
Captopril
25%
Métoprolol
25%
Cefpodoxime
24%
Nébivolol
24%
Losartan
20%
Rabéprazole
20%
Vérapamil
20%
Lisinopril
19%
Nicardipine
19%
Acébutolol
18%
Cefixime
18%
Diltiazem
17%
Telmisartan
17%
Buprénorphine
15%
Nifédipine
13%
Indapamide
12%
Methadone
12%
Lercanidipine
11%
Urapidil
11%
Céliprolol
10%
Timolol
10%
Sotalol
8%
Amoxicilline + Acide clavulanique
7%
Betaxolol
7%
Clonidine
7%
Oxacilline
7%
Piperacilline
7%
Pindolol
6%
Temocilline
6%
Amiloride
5%
Benazepril
5%
Cloxacilline
5%
Félodipine
5%
Fosinopril
5%
Nadolol
5%
Olmesartan
5%
Phénoxyméthylpénicilline
5%
Pivmécillinam
5%
Prazosine
5%
Trandolapril
5%
Hydromorphine
4%
Rilménidine
4%
Spironolactone + Altizide
4%
Benzylpénicilline
3%
Moxonidine
3%
Pirétanide
3%
Quinapril
3%
Isradipine
2%
Labétolol
2%
Méthyldopa
2%
Zofenopril
2%
Cefotiam
1%
Ciclétanine
1%
Manidipine
1%
Piperacilline + Tazobactam
0%
Aucun quiz correspondant
Distribution des résultats
% des personnes avec chaque résultat
Percentile par nombre de réponses
Votre historique - résultats
Vous n’avez pas pris ce quiz depuis la dernière actualisation